Central Library OPAC University of Rajshahi

Selected shorter poems of Thomas Hardy / (Record no. 17974)

MARC details
000 -LEADER
fixed length control field 00866cam a22002771 4500
001 - CONTROL NUMBER
control field 17974
003 - CONTROL NUMBER IDENTIFIER
rucl marc code BD-RjUL
005 - DATE AND TIME OF LATEST TRANSACTION
control field 20211209000223.0
008 - FIXED-LENGTH DATA ELEMENTS--GENERAL INFORMATION
fixed length control field 140219r19691966enk b 000 0aeng
035 ## - SYSTEM CONTROL NUMBER
System control number (BD-RjUL)18032
040 ## - CATALOGING SOURCE
Original cataloging agency DLC
Transcribing agency DLC
Modifying agency DLC
-- BD-RjUL
Language of cataloging eng
041 ## - LANGUAGE CODE
Language code of text/sound track or separate title eng
082 00 - DEWEY DECIMAL CLASSIFICATION NUMBER
Classification number 821.8
Author mark and year HAS 1969
100 1# - MAIN ENTRY--PERSONAL NAME
Personal name Hardy, Thomas,
Dates associated with a name 1840-1928.
9 (RLIN) 55415
245 00 - TITLE STATEMENT
Title Selected shorter poems of Thomas Hardy /
Statement of responsibility, etc. chosen and introduced by John Wain.
260 ## - PUBLICATION, DISTRIBUTION, ETC. (IMPRINT)
Place of publication, distribution, etc. London ;
-- Melbourne :
Name of publisher, distributor, etc. Macmillan,
Date of publication, distribution, etc. 1966 [Reprinted 1969].
300 ## - PHYSICAL DESCRIPTION
Pagination xix, 136 p. ;
Size 18 1/2 cm.
490 0# - SERIES STATEMENT
Series statement Papermac,
Volume/sequential designation P157
504 ## - BIBLIOGRAPHY, ETC. NOTE
Bibliography, etc Bibliography: p. 132-133.
650 #0 - SUBJECT ADDED ENTRY--TOPICAL TERM
Topical term or geographic name as entry element Country life
Geographic subdivision England
-- Wessex
General subdivision Poetry.
9 (RLIN) 55416
Topical term or geographic name as entry element Pastoral poetry, English.
9 (RLIN) 55417
700 1# - ADDED ENTRY--PERSONAL NAME
Personal name Wain, John,
Relator term ed.
942 ## - ADDED ENTRY ELEMENTS (KOHA)
Source of classification or shelving scheme Dewey Decimal Classification
Koha item type Books
Holdings
Lost status Source of classification or shelving scheme Damaged status Not for loan Collection code Permanent Location Current Location Shelving location Date acquired Source of acquisition Cost, normal purchase price Total Checkouts Full call number Date last seen Copy number Koha item type
  Dewey Decimal Classification     Non-fiction Central Library, University of Rajshahi Central Library, University of Rajshahi   09/10/1973 Ideal library 6.05   821.8 HAS 1969 27/02/2014 C-6 Books
  Dewey Decimal Classification     Non-fiction Central Library, University of Rajshahi Central Library, University of Rajshahi   21/09/1968 Zeitlinger 6.00   821.8 HAS 1969 12/03/2020 C-3 Books
  Dewey Decimal Classification     Non-fiction Central Library, University of Rajshahi Central Library, University of Rajshahi   21/09/1968 Zeitlinger 6.00   821.8 HAS 1969 12/03/2020 C-4 Books
  Dewey Decimal Classification     Non-fiction Central Library, University of Rajshahi Central Library, University of Rajshahi   21/09/1968 Zeitlinger 6.00   821.8 HAS 1969 12/03/2020 C-5 Books